000 00342nam a22001217a 4500
008 180606b xxu||||| |||| 00| 0 eng d
041 _aeng
080 _a043.3
100 _a0
101 _aMBE-BA
245 _aEnvironment Management in mining Industry in Kosova ISO 14001:2004 Environmental Management System
_cPreteni, S
942 _2udc
_cBK
999 _c46492
_d46492